Lecturas de contabilidad básica (Registro nro. 6116)

Detalles MARC
000 -LEADER
fixed length control field 01443 a2200277 4500
001 - CONTROL NUMBER
control field 57114
005 - DATE AND TIME OF LATEST TRANSACTION
control field 20260407155833.0
008 - FIXED-LENGTH DATA ELEMENTS--GENERAL INFORMATION
fixed length control field 260407a2021 arg spa d
003 - CONTROL NUMBER IDENTIFIER
control field AR-UNSa-BCEJYS
040 ## - CATALOGING SOURCE
Original cataloging agency AR-UNSa-BCEJYS
Language of cataloging spa
Transcribing agency AR-UNSa-BCEJYS
080 ## - UNIVERSAL DECIMAL CLASSIFICATION NUMBER
Universal Decimal Classification number 657
Common auxiliary subdivision Contabilidad
020 ## - INTERNATIONAL STANDARD BOOK NUMBER
International Standard Book Number 978-987-716-145-8
041 ## - LANGUAGE CODE
Language code of text/sound track or separate title spa
100 1# - MAIN ENTRY--PERSONAL NAME
Personal name Simaro, Jorge D.
245 10 - TITLE STATEMENT
Title Lecturas de contabilidad básica
Name of part/section of a work con ejercicios de aplicación
250 ## - EDITION STATEMENT
Edition statement 4a. ed.
264 #1 - PRODUCTION, PUBLICATION, DISTRIBUTION, MANUFACTURE, AND COPYRIGHT NOTICE
Place of production, publication, distribution, manufacture Buenos Aires :
Name of producer, publisher, distributor, manufacturer Osmar D. Buyatti
Date of production, publication, distribution, manufacture, or copyright notice 2021
300 ## - PHYSICAL DESCRIPTION
Extent 577 p.
Dimensions 22 cm.
505 ## - FORMATTED CONTENTS NOTE
Formatted contents note 1. El marco general de la contabilidad - 2. Fundamentos de la contabilidad patrimonial - 3. Actividades y operaciones de las organizaciones - 4. El proceso contable - 5. Cajas y bancos - 6. Créditos - 7. Bienes de cambio (Inventarios) - 8. Bienes de cambio. Empresa industrial - 9. Bienes de cambio. Empresa de servicios - 10. Bienes de uso (propiedades, planta y equipo) - 11. Activos intangibles - 12. Inversiones y propiedades de inversión - 13. Deudas - 14. Previsiones - 15. Patrimonio Neto - 16. Culminación del proceso contable - 17. Ajuste por inflación - 18. Las normas internacionales de información financiera (NIIF)
590 ## - LOCAL NOTE (RLIN)
Local note niveau_biblio:m niveau_hierar:0
650 ## - SUBJECT ADDED ENTRY--TOPICAL TERM
Topical term or geographic name entry element NIIF
650 ## - SUBJECT ADDED ENTRY--TOPICAL TERM
Topical term or geographic name entry element niif
700 1# - ADDED ENTRY--PERSONAL NAME
Personal name Tonelli, Omar E.
856 41 - ELECTRONIC LOCATION AND ACCESS
Uniform Resource Identifier <a href="https://biblioeco.unsa.edu.ar/pmb/images/libros/L128684.jpg">https://biblioeco.unsa.edu.ar/pmb/images/libros/L128684.jpg</a>
Link text Imagen de portada
Electronic format type image/jpeg
942 ## - ADDED ENTRY ELEMENTS (KOHA)
Koha item type
Existencias
Withdrawn status Lost status Damaged status Not for loan Home library Current library Shelving location Date acquired Total checkouts Full call number Barcode Date last seen Price effective from Koha item type Public note
        Biblioteca Prof. Eusebio Cleto del Rey Biblioteca Prof. Eusebio Cleto del Rey   07/04/2026   657 S588 4ed. L128682 07/04/2026 07/04/2026 Libro LIBRO DOBLADO EN ESQUINA SUPERIOR E INFERIOR
        Biblioteca Prof. Eusebio Cleto del Rey Biblioteca Prof. Eusebio Cleto del Rey   07/04/2026   657 S588 4ed. L128683 07/04/2026 07/04/2026 Libro PARTIDO PAGINA 252-253-258 - CANTO LATERAL E INFERIOR CON RAYA DE LÁPIZ - MANCHADO EN PÁG 434 Y 460
        Biblioteca Prof. Eusebio Cleto del Rey Biblioteca Prof. Eusebio Cleto del Rey   07/04/2026   657 S588 4ed. L128684 07/04/2026 07/04/2026 Libro PARTIDO EN PÁG 234 Y 246 - UN POCO HÚMEDO AL PRINCIPIO (EN CANTO LATERAL)- CANTO UN POCO MANCHADO
        Biblioteca Prof. Eusebio Cleto del Rey Biblioteca Prof. Eusebio Cleto del Rey   07/04/2026   657 S588 4ed. L129007 07/04/2026 07/04/2026 Libro PARTIDO PAG. 338 - PÁG 337 SUELTA - CANTO INFERIOR MANCHADO